Aquatic lectins: immune defense, biological recognition and molecular advancements / (Record no. 52216)

MARC details
000 -LEADER
fixed length control field 00561nam a22001937a 4500
003 - CONTROL NUMBER IDENTIFIER
control field OSt
008 - FIXED-LENGTH DATA ELEMENTS--GENERAL INFORMATION
fixed length control field 260623b |||||||| |||| 00| 0 eng d
020 ## - INTERNATIONAL STANDARD BOOK NUMBER
International Standard Book Number 9789811904318
082 ## - DEWEY DECIMAL CLASSIFICATION NUMBER
Classification number 572.69
Item number E51A
245 ## - TITLE STATEMENT
Title Aquatic lectins: immune defense, biological recognition and molecular advancements /
Statement of responsibility, etc. edited by Preetham Elumalai, Ed.,
260 ## - PUBLICATION, DISTRIBUTION, ETC. (IMPRINT)
Place of publication, distribution, etc Singapore
Name of publisher, distributor, etc Springer Nature
Date of publication, distribution, etc 2022
300 ## - PHYSICAL DESCRIPTION
Extent 395 p.
650 ## - SUBJECT ADDED ENTRY--TOPICAL TERM
Topical term or geographic name as entry element Lectins
650 ## - SUBJECT ADDED ENTRY--TOPICAL TERM
Topical term or geographic name as entry element Fishes
650 ## - SUBJECT ADDED ENTRY--TOPICAL TERM
Topical term or geographic name as entry element Genetics
700 ## - ADDED ENTRY--PERSONAL NAME
Personal name Vaseeharan, Baskaralingam
700 ## - ADDED ENTRY--PERSONAL NAME
Personal name Lakshmi, Sreeja
942 ## - ADDED ENTRY ELEMENTS (KOHA)
Source of classification or shelving scheme
Koha item type Books

No items available.

Hosted, Implemented, Customized & Maintained by: BestBookBuddies

Powered by Koha